000 01053nam a2200241Ia 4500
003 OSt
005 20200819175846.0
008 191128s1992 ck gr 000 0dspa d
040 _aCo-JMCR
_cCo-JMCR
041 0 _aspa
082 0 4 _a368.4 /
_bC764r
_223
110 2 _aColombia. Contraloria General de la República
_96721
245 1 2 _aLa Reforma a la Seguridad Social en Colombia :
_b¿Una aventura económica? /
_cContraloria General de la República
260 _aBogotá :
_bContraloria General de la República,
_c1992.
300 _a150 páginas
_c24 cm.
300 _c 24 cm
490 0 _aEstudios Ocasionales ;
_v3
504 _aBibliografía : páginas 143-150.
505 0 _aLa política de seguridad social y su práctica en Colombia -- Tres experiencias latinoamericanas en reformas a la seguridad social -- Propuesta de reforma a la seguridad social en Colombia -- Análisis económico de la propuesta de reforma del gobierno
650 2 4 _aPolíticas seguridad social
_98960
650 2 4 _aSeguridad social
_96217
942 _2ddc
_cBK
999 _c6014
_d6014